| 000 | 01514cam a22003378i 4500 | ||
|---|---|---|---|
| 999 |
_c128184 _d128184 |
||
| 001 | 18526125 | ||
| 003 | ARRUPE | ||
| 005 | 20180919122202.0 | ||
| 008 | 150313s2015 mau b 001 0 eng | ||
| 010 | _a 2015009367 | ||
| 020 | _a9780745644929 (hardback : alk. paper) | ||
| 020 | _a9780745644936 (pbk. : alk. paper) | ||
| 040 |
_aDLC _beng _cDLC _erda |
||
| 042 | _apcc | ||
| 050 | 0 | 0 |
_aB51.4 _b.W43 2015 |
| 082 | 0 | 0 |
_a001.072/2 _223 |
| 100 | 1 |
_aWhatmore, Richard. _942309 |
|
| 245 | 1 | 0 |
_aWhat is intellectual history? / _cRichard Whatmore. |
| 260 |
_aCambridge _bPolity _c2015 |
||
| 263 | _a1510 | ||
| 300 | _apages cm | ||
| 504 | _aIncludes bibliographical references and index. | ||
| 505 | 0 | _aThe identity of intellectual history -- The history of intellectual history -- The method of intellectual history -- The practice of intellectual history -- The relevance of intellectual history -- Intellectual history present and future. | |
| 650 | 0 |
_aPhilosophy _xHistoriography. _942310 |
|
| 650 | 0 |
_aPhilosophy _xHistory. _91338 |
|
| 906 |
_a7 _bcbc _corignew _d1 _eecip _f20 _gy-gencatlg |
||
| 942 |
_2lcc _cMONOGRAPH |
||